C++: de los fundamentos del lenguaje a las aplicaciones (Registro nro. 13505)

Detalles MARC
000 -Cabecera
Campo de control de longitud fija 00756nam a22002777a 4500
005 - Fecha y hora de la última transacción
Campo de control 20250624154836.0
008 - Elementos de longitud fija--Información general
Campo de control de longitud fija 230306b2021 |||||||| |||| 00| 0 spa d
020 ## - International Standard Book Number
Número Internacional Estándar del Libro (ISBN) 9782409033858
041 ## - Idioma
Código de idioma Español
082 ## - Clasificación Decimal Dewey
Número de clasificación 005.133 G949c
100 ## - Entrada principal--Autor personal
Nombre personal Guérin, Brice-Arnaud
245 ## - Título propiamente dicho
Título C++: de los fundamentos del lenguaje a las aplicaciones
260 ## - Pie de imprenta
Lugar de publicación, distribución, etc. España
Nombre del editor, distribuidor, etc. Ediciones ENI
Fecha de publicación, distribución, etc. 2021
300 ## - Descripción física
Extensión 480 páginas
490 ## - Serie
Título de la Serie Tecnologías de la Información
650 ## - Materia general
Temática (materia general) LENGUAJE DE PROGRAMACIÓN
650 ## - Materia general
Temática (materia general) C++
650 ## - Materia general
Temática (materia general) PROGRAMACIÓN ORIENTADA A OBJETOS
650 ## - Materia general
Temática (materia general) ESTRUCTURA DE DATOS
650 ## - Materia general
Temática (materia general) PUNTEROS
650 ## - Materia general
Temática (materia general) ARRAYS
650 ## - Materia general
Temática (materia general) RUTAS DE RECOLECCIÓN
650 ## - Materia general
Temática (materia general) UML
650 ## - Materia general
Temática (materia general) ALGORITMOS
942 ## - Punto de acceso adicional KOHA
Tipo de ítem KOHA Libro
Fuente del sistema de clasificación o colocación Dewey Decimal Classification
Existencias
Signatura completa Código de barras Programa Académico Tipo de ítem
005.133 G949c 25591 Tecnologías de Información Libro
005.133 G949c 25592 Tecnologías de Información Libro